| 000 | 00570nam a2200205Ia 4500 | ||
|---|---|---|---|
| 005 | 20250508162128.0 | ||
| 008 | 008 250505s9999 xx 000 0 eng d | ||
| 020 | _a0-333-11299-7 | ||
| 037 | _aTextual | ||
| 040 |
_aFEDL _beng _cFEDL |
||
| 041 |
_aeng _2eng |
||
| 084 |
_a330.1, DAS _qFEDL |
||
| 100 | _aDasgupta Ajit K. | ||
| 245 | 0 | _aEconomic theory and the developing countries | |
| 260 |
_aLondon, UK _bThe Macmillan Press Ltd. _c1974 |
||
| 300 | _avii,132p. | ||
| 650 | _aEconomics | ||
| 942 |
_cTEXL _h330.1, DAS |
||
| 999 |
_c1374553 _d1374553 |
||